Efektivnost ekonomického růstu ve vyspělých kapitalistických státech a v ČSSR

Salvato in:
Dettagli Bibliografici
Autore principale: Klokočník, Otakar
Altri autori: Keményová, Irena
Natura: Libro
Lingua:ceco
Pubblicazione: Praha Ústředí vědeckých, technických a ekonomických informací 1988
Tags: Aggiungi Tag
Nessun Tag, puoi essere il primo ad aggiungerne!!

MARC

LEADER 00000nam a2200000 4500
001 c031259
005 20250926123233.1
041 0 |a cze 
044 |a CZ 
245 1 0 |a Efektivnost ekonomického růstu ve vyspělých kapitalistických státech a v ČSSR  |c Otakar Klokočník, Irena Keményová 
264 1 |a Praha  |b Ústředí vědeckých, technických a ekonomických informací  |c 1988 
300 |a 68 s. 
100 1 |a Klokočník, Otakar 
700 1 |a Keményová, Irena